Sports Quiz

Random Sports or City Quiz

Can You name The ICC cricket world cup host cities Quiz Stats

 Plays Quiz not verified by Sporcle

Challenge
Share
Tweet
Embed
Score 0/14 Timer 10:00
0 Plays Today
Hint Answer % Correct
Sydney
97%
Melbourne
95%
Perth
91.1%
Wellington
90.1%
Brisbane
89.1%
Adelaide
87.1%
Auckland
86.1%
Hint Answer % Correct
Hobart
80.2%
Christchurch
79.2%
Canberra
74.3%
Dunedin
68.3%
Napier
62.4%
Hamilton
53.5%
Nelson
36.6%

You're not logged in!

Compare scores with friends on all Sporcle quizzes.
Join for Free
OR
Log In

You Might Also Like...

Show Comments

Extras

Top Quizzes Today


Score Distribution

Your Account Isn't Verified!

In order to create a playlist on Sporcle, you need to verify the email address you used during registration. Go to your Sporcle Settings to finish the process.

Report this User

Report this user for behavior that violates our Community Guidelines.

Details: